000 00921nam a22002417a 4500
005 20100819111616.0
008 090109t xxu||||| |||| 00| 0urd d
010 _a UR-7777
020 _c30.00
_a8183140165
035 _aU-6332
040 _adpl
_burd
082 _a641.5
100 _912785
245 _aگوشت کاناغہ؛ سبزیاں، دالیںاوربیسن کےپکوان /
_cنجمہ فاروقی
246 _aGosht Ka Nagha /
_bcompiled by Najma Farooqi
260 _aنئ دہلی
_c2005
_bفیصل پبلیکیشنز
270 _a3004/2, Sir Sayyed Ahmad Road, Daryaganj
_bNew Delhi
_e110002
300 _a96 ص
_c18 س م (Pbk)
650 _2critisim
_912786
700 _913044
942 _2ddc
_cUR
_h641.5
_mن ج م
999 _c42511
_d42511